Cartas y avisos dirigidos a Don Juan de Zúñiga, virrey de Nápoles en 1581. (Record no. 182862)
[ view plain ]
| 000 -LEADER | |
|---|---|
| campo de control de longitud fija | 00862nam a22002171i 4500 |
| 001 - NÚMERO DE CONTROL | |
| campo de control | 182862 |
| 003 - IDENTIFICADOR DE NÚMERO DE CONTROL | |
| campo de control | ES-MaACL |
| 005 - FECHA Y HORA DE LA ÚLTIMA TRANSACCIÓN | |
| campo de control | 20250824202555.0 |
| 008 - DATOS DE LONGITUD FIJA--INFORMACIÓN GENERAL | |
| campo de control de longitud fija | 131119s1887 sp |||| |dspa d |
| 245 00 - MENCIÓN DEL TÍTULO | |
| Título | Cartas y avisos dirigidos a Don Juan de Zúñiga, virrey de Nápoles en 1581. |
| 260 ## - PUBLICACIÓN, DISTRIBUCIÓN, ETC. | |
| Lugar de publicación, distribución, etc. | Madrid : |
| Nombre del editor, distribuidor, etc. | [s.n.], |
| Fecha de publicación, distribución, etc. | 1887 ( |
| Fabricante | M. Ginesta, imp.) |
| 300 ## - DESCRIPCIÓN FÍSICA | |
| Extensión | XXXII, 383 p. ; |
| Dimensiones | 18 cm. |
| 490 1# - MENCIÓN DE SERIE | |
| Mención de serie | Colección de libros españoles raros o curiosos ; |
| Designación de volumen o secuencia | 18 |
| 600 14 - PUNTO DE ACCESO ADICIONAL DE MATERIA--NOMBRE DE PERSONA | |
| Nombre de persona | Zúñiga, Juan de. |
| 9 (RLIN) | 134063 |
| 651 #4 - PUNTO DE ACCESO ADICIONAL DE MATERIA--NOMBRE GEOGRÁFICO | |
| Nombre geográfico | España- |
| Subdivisión general | Política exterior- |
| Subdivisión cronológica | 1556-1598. |
| 9 (RLIN) | 151485 |
| 651 #4 - PUNTO DE ACCESO ADICIONAL DE MATERIA--NOMBRE GEOGRÁFICO | |
| Nombre geográfico | Nápoles (Reino)- |
| Subdivisión general | Historia- |
| Subdivisión cronológica | 1442-1707, Dominación española. |
| 9 (RLIN) | 163730 |
| 700 1# - ENTRADA AGREGADA--NOMBRE PERSONAL | |
| Nombre de persona | Zúñiga, Juan de. |
| 9 (RLIN) | 134063 |
| 830 00 - PUNTO DE ACCESO ADICIONAL DE SERIE-TÍTULO UNIFORME | |
| Título uniforme | Colección de libros españoles raros o curiosos |
| Designación de volumen o secuencia | 18 |
| 9 (RLIN) | 187911 |
| 852 ## - LOCALIZACIÓN | |
| Ubicación | ES-MaACL |
| Número de control de estantería | R-2170-91. Olim: G-13966-69. |
| Estatus retirado | Estado de pérdida | Estado de daño | No para préstamo | Colección | Biblioteca de origen | Biblioteca actual | Ubicación en estantería | Fecha de adquisición | Fuente de adquisición | Total de préstamos | Signatura topográfica completa | Código de barras | Visto por última vez | Precio de reemplazo | Tipo de ítem Koha |
|---|---|---|---|---|---|---|---|---|---|---|---|---|---|---|---|
| Libros del s. XIX | Biblioteca del Ateneo de Madrid | Biblioteca del Ateneo de Madrid | Depósito | 19/11/2013 | R-2170-91 | 1192182 | 23/02/2023 | 23/02/2023 | Libro impreso antiguo |
